| 000 | 00702nam a2200181 i 4500 | ||
|---|---|---|---|
| 001 | 64747 | ||
| 003 | ES-MaACL | ||
| 005 | 20230906165212.0 | ||
| 007 | t| | ||
| 008 | 040105s1964 sp ||||1| spa d | ||
| 100 | 1 |
_aFornesa Ribo, Ricardo. _951785 |
|
| 245 | 1 | 0 |
_aTributación de la empresa agrícola en función de su tamaño con especial referencia a las cuatro provincias catalanas / _cpor Ricardo Fornesa Ribo. |
| 260 |
_aBarcelona : _bSociedad de Estudios y Publicaciones, _c1964. |
||
| 300 |
_a86 p. ; _c23 cm. |
||
| 500 | _aPrecede al tít.: Servicio de Estudios en Barcelona. Banco Urquijo. | ||
| 710 | 2 |
_aBanco Urquijo. _bServicio de Estudios. _92139 |
|
| 852 |
_aES-MaACL _jC-25828 _bR.54624 |
||
| 999 |
_c64747 _d64747 |
||